Applying Strengths-Based Approaches in Social Work (Record no. 43522)
[ view plain ]
| 000 -LEADER | |
|---|---|
| fixed length control field | 00471nam a22001817a 4500 |
| 005 - DATE AND TIME OF LATEST TRANSACTION | |
| control field | 20250402160505.0 |
| 008 - FIXED-LENGTH DATA ELEMENTS--GENERAL INFORMATION | |
| fixed length control field | 250402b |||||||| |||| 00| 0 eng d |
| 020 ## - INTERNATIONAL STANDARD BOOK NUMBER | |
| International Standard Book Number | 9781447362722 |
| 041 ## - LANGUAGE CODE | |
| Language code of text/sound track or separate title | eng |
| 082 ## - DEWEY DECIMAL CLASSIFICATION NUMBER | |
| Classification number | 361.3 EDW |
| 100 ## - MAIN ENTRY--PERSONAL NAME | |
| Author | Edwards, Deanna |
| 245 ## - TITLE STATEMENT | |
| Title | Applying Strengths-Based Approaches in Social Work |
| 260 ## - PUBLICATION, DISTRIBUTION, ETC. | |
| Place | Uk |
| Publisher | Policy Press |
| Publication Year | 2023 |
| 300 ## - PHYSICAL DESCRIPTION | |
| Extent | 180;. pages: 24 cm |
| 650 ## - SUBJECT ADDED ENTRY--TOPICAL TERM | |
| Subject | Social service |
| 700 ## - ADDED ENTRY--PERSONAL NAME | |
| Co-Author | Parkinson, Kate |
| 942 ## - ADDED ENTRY ELEMENTS (KOHA) | |
| Koha item type | Books |
| Withdrawn status | Lost status | Source of classification or shelving scheme | Damaged status | Not for loan | Home library | Current library | Shelving location | Accession Date | Vendor | Price | Bill number | Total Checkouts | Full call number | Barcode No | Date last seen | Discount | Bill Date | Koha item type | Suggested By |
|---|---|---|---|---|---|---|---|---|---|---|---|---|---|---|---|---|---|---|---|
| Dewey Decimal Classification | IMTN | IMTN | Rack 15-A | 03/26/2025 | Raghav Books Private Limited | 278139.00 | 2374 | 361.3 EDW | 33802 | 04/02/2025 | 33 | 02/14/2025 | Books | Dr. Mantha Raghu (Head Librarian) |